Score 0/20 Timer 04:00
2 Plays Today
% Correct
Black coffee
96.1%
Men in Black
94%
Black Swan
93.3%
Blacksmith
87.6%
Black sheep
85.9%
Jack Black
84.1%
Black Friday
83.9%
Black Panther
83.5%
The Black Eyed Peas
82.2%
Black Forest
80.6%
% Correct
Blackjack
73.9%
Black Widow
73.6%
Black Sea
71%
The Black Pearl
66.4%
Black Death
65.4%
Black mamba
64.2%
The Blacklist
45%
SR-71 Blackbird
28.4%
The Black Dahlia
21.8%
Penny Black
21.1%
Remove Ads.
Support Sporcle.
Get the best of Sporcle when you Go Orange. This ad-free experience offers more features, more stats, and more fun while also helping to support Sporcle. Thank you for becoming a member.

You're not logged in!

Compare scores with friends on all Sporcle quizzes.
OR
Log In

Show Comments

Extras

Top Quizzes Today


Score Distribution

Your Account Isn't Verified!

In order to create a playlist on Sporcle, you need to verify the email address you used during registration. Go to your Sporcle Settings to finish the process.

Report this User

Report this user for behavior that violates our Community Guidelines.

Details: